Statistics for Reading Premier League Players

Click here to take the quiz!

General Stats

  • This quiz has been taken 73 times
  • The average score is 17 of 54

Answer Stats

The Royals% Correct
Dave Kitson
62%
Kevin Doyle
62%
Steve Sidwell
62%
Noel Hunt
60%
Shane Long
60%
Stephen Hunt
60%
Leroy Lita
55%
Nicky Shorey
55%
James Harper
50%
Adam Federici
48%
Adam le Fondre
48%
Jason Roberts
48%
Graeme Murty
47%
Marcus Hahnemann
47%
Pavel Pogrebnyak
45%
Ian Harte
40%
Ibrahima Sonko
40%
Bobby Convey
38%
Glen Little
38%
Ívar Ingimarsson
38%
Jobi McAnuff
38%
Alex Pearce
36%
Jem Karacan
36%
Alex McCarthy
34%
Mikele Leigertwood
34%
Chris Gunter
33%
Jimmy Kébé
33%
John Oster
33%
André Bikey
28%
Brynjar Gunnarsson
28%
Ki-hyeon Seol
28%
Hal Robson-Kanu
22%
Sean Morrison
22%
Shaun Cummings
22%
Adrian Mariappa
21%
Jay Tabb
21%
Marek Matějovský
21%
Garath McCleary
19%
Kaspars Gorkšs
19%
Stephen Kelly
19%
Stuart Taylor
19%
Ulises de la Cruz
19%
John Halls
17%
Michael Duberry
16%
Kalifa Cissé
14%
Danny Guthrie
12%
Greg Halford
12%
Dominic Samuel
10%
Emerse Faé
10%
Hope Akpan
10%
Liam Rosenior
10%
Nick Blackman
10%
Daniel Carriço
7%
Sam Sodje
7%

Score Distribution

Percentile by Number Answered

Percent of People with Each Score

Your Score History

You have not taken this quiz